Statistics for Countries whose flag have ONLY 3 solid stripes

Click here to take the quiz!

General Stats

  • This quiz has been taken 34 times
  • The average score is 19 of 25

Answer Stats

Answer% Correct
Italy
100%
France
100%
Germany
97%
Belgium
97%
Netherlands
94%
Russia
94%
Luxembourg
88%
Hungary
84%
Ireland
84%
Austria
84%
Latvia
84%
Estonia
81%
Lithuania
81%
Romania
81%
Colombia
72%
Chad
69%
Bulgaria
69%
Armenia
66%
Mali
59%
Nigeria
59%
Cote D'Ivoire
47%
Gabon
44%
Yemen
44%
Sierra Leone
38%
Guinea
38%

Score Distribution

Percentile by Number Answered

Percent of People with Each Score

Your Score History

You have not taken this quiz